Lubuskie - prawda czy fałsz? - Statystyki

Ogólne statystyki
  • Ten quiz został rozwiązany 135 razy
  • Średni wynik to 11 z 15
Statystyki odpowiedzi
Zagadnienie Odpowiedź % Poprawnych
Znajduje się tutaj miasto Nowa Sól Prawda
98%
Znajdują się tutaj Zamość Fałsz
93%
W Świebodzinie znajduje się statua Jezusa Pana Prawda
90%
Znajduje się tutaj Park Narodowy Prawda
88%
Największą rzeką w województwie jest Warta Fałsz
83%
Jest większe powierzchniowo niż Lubelskie Fałsz
81%
Powiat krośnieński to największy powiat Fałsz
79%
Jest jedynym województwem które nigdy nie posiadało klubu w Ekstraklasie Prawda
79%
Przebiega tutaj autostrada A2 Prawda
76%
Nie posiada obiektu na liście Unesco Fałsz
74%
Posiada poniżej 1 miliona mieszkańców Prawda
74%
Urodziła się tutaj Maryla Rodowicz Prawda
67%
Elżbieta Polak jest marszałkiem województwa Fałsz
60%
Posiada najmniejszą stolicę województw Prawda
52%
Siedziba sejmiku znajduje się w Gorzowie Wielkopolskim Fałsz
40%
Nie znaleziono quizów pasujących do podanych kryteriów
Rozkład punktacji
Procent ludzi z każdym wynikiem
Percentyl według liczby udzielonych odpowiedzi
Twoja historia wyników
Nie rozwiązałeś tego quizu